United Kingdom Parliament (Record no. 119682)
[ view plain ]
| 000 -LEADER | |
|---|---|
| fixed length control field | 00776cam a2200205 4500 |
| 001 - CONTROL NUMBER | |
| control field | WS108681 |
| 008 - FIXED-LENGTH DATA ELEMENTS--GENERAL INFORMATION | |
| fixed length control field | 000000n 000 0 eng u |
| 035 ## - SYSTEM CONTROL NUMBER | |
| System control number | (Sirsi) u108681 |
| 245 ## - TITLE STATEMENT | |
| Title | United Kingdom Parliament |
| 520 ## - SUMMARY, ETC. | |
| Summary, etc. | Good web site on the work of the Houses of Parliament including an alphabetical list of MPS, list of select committees, searchable versions on HL and HC Hansard since October 1996 and full text of Bills before Parliament. |
| 650 ## - SUBJECT ADDED ENTRY--TOPICAL TERM | |
| Topical term or geographic name entry element | HOUSE OF COMMONS |
| 650 ## - SUBJECT ADDED ENTRY--TOPICAL TERM | |
| Topical term or geographic name entry element | HOUSE OF LORDS |
| 650 0# - SUBJECT ADDED ENTRY--TOPICAL TERM | |
| Topical term or geographic name entry element | HANSARD |
| 650 ## - SUBJECT ADDED ENTRY--TOPICAL TERM | |
| Topical term or geographic name entry element | BILLS |
| 650 ## - SUBJECT ADDED ENTRY--TOPICAL TERM | |
| Topical term or geographic name entry element | GOVERNMENT |
| 650 ## - SUBJECT ADDED ENTRY--TOPICAL TERM | |
| Topical term or geographic name entry element | HL DECISIONS |
| 650 ## - SUBJECT ADDED ENTRY--TOPICAL TERM | |
| Topical term or geographic name entry element | BUILT ENVIRONMENT-BUILDING INSPECTION |
| 856 40 - ELECTRONIC LOCATION AND ACCESS | |
| Uniform Resource Identifier | <a href="https://www.parliament.uk">https://www.parliament.uk</a> |
| Public note | View the website free of charge at www.parliament.uk... |
| 942 ## - ADDED ENTRY ELEMENTS (KOHA) | |
| Suppress in OPAC | 0 |
| Withdrawn status | Lost status | Source of classification or shelving scheme | Damaged status | Not for loan | Home library | Current library | Shelving location | Date acquired | Total Checkouts | Full call number | Barcode | Date last seen | Copy number | Price effective from | Koha item type |
|---|---|---|---|---|---|---|---|---|---|---|---|---|---|---|---|
| Dewey Decimal Classification | Virtual | Virtual | Online | 06/10/2000 | WEB SITE | 108681-2001 | 06/08/2019 | 1 | 06/08/2019 | Online material |